American independence through Prussian eyes ; a neutral view of the peace negotiations of 1782-1783: selections from the Prussian diplomatic correspondence.

Bibliographic Details
Main Author: Brown, Marvin L., Jr., 1920-
Format: Book
Language:English
Undetermined
Published: Durham, N.C. : Duke University Press, 1959.
Subjects:

MARC

Tag First Indicator Second Indicator Subfields
LEADER 00000cam a2200000 4500
001 in00000679321
005 20151015170442.0
008 721011s1959 ncua 00000 eng
010 |a  58012589  
035 |a (OCoLC)00426053 
035 |9 ACZ9618AM 
040 |a DLC  |c WSU  |d OCL  |d TXA  |d UtOrBLW 
041 1 |a eng  |a und 
049 |a TXAM  |c [303172] 
050 0 |a E249.3  |b .B7 
082 0 |a 973.32 
092 |a 973.32  |b B879a 
100 1 |a Brown, Marvin L.,  |c Jr.,  |d 1920- 
245 1 0 |a American independence through Prussian eyes ;  |b a neutral view of the peace negotiations of 1782-1783: selections from the Prussian diplomatic correspondence. 
264 1 |a Durham, N.C. :  |b Duke University Press,  |c 1959. 
300 |a 216 pages :  |b illustrations ;  |c 23 cm. 
336 |a text  |b txt  |2 rdacontent 
337 |a unmediated  |b n  |2 rdamedia 
338 |a volume  |b nc  |2 rdacarrier 
651 0 |a United States  |x History  |y Revolution, 1775-1783  |x Foreign public opinion. 
651 0 |a United States  |x Foreign relations  |y 1775-1783. 
651 0 |a Prussia (Germany)  |x Foreign relations  |y 1740-1786. 
999 |a MARS 
999 f f |s 7498e777-7f1b-38e5-9ead-b9e4fb5a7c6b  |i 18028fe1-8f76-387b-9579-6b6e00a38558  |t 0 
952 f f |p normal  |a Texas A&M University  |b College Station  |c Sterling C. Evans Library  |d Evans: Library Stacks  |t 0  |e E249.3 B7  |h Library of Congress classification  |i unmediated -- volume  |m A14801520872 
998 f f |a E249.3 B7  |t 0  |l Evans: Library Stacks